ՄԱՅՐ ԱԹՈՌ ՍՈՒՐԲ ԷՋՄԻԱԾԻՆ

«ՎԱՉԵ ԵՎ ԹԱՄԱՐ ՄԱՆՈՒԿՅԱՆ» ՄԱՏԵՆԱԴԱՐԱՆ

Apocrypha, Pseudepigrapha and Armenian Studies. (Record no. 71747)

MARC details
000 -LEADER
fixed length control field 01043nam a22002777a 4500
003 - CONTROL NUMBER IDENTIFIER
control field SEM
005 - DATE AND TIME OF LATEST TRANSACTION
control field 20220608074852.0
008 - FIXED-LENGTH DATA ELEMENTS--GENERAL INFORMATION
fixed length control field 210916m20062006fr ||||gr|||||001|0 eng|d
020 ## - INTERNATIONAL STANDARD BOOK NUMBER
International Standard Book Number 9042916435 (Vol. I)
020 ## - INTERNATIONAL STANDARD BOOK NUMBER
International Standard Book Number 9042916443 (Vol. II)
040 ## - CATALOGING SOURCE
Original cataloging agency SEM
Transcribing agency SEM
041 ## - LANGUAGE CODE
Language code of text/sound track or separate title eng
082 ## - DEWEY DECIMAL CLASSIFICATION NUMBER
Classification number 229/S-86
100 ## - MAIN ENTRY--PERSONAL NAME
Personal name Stone, Michael E.
245 ## - TITLE STATEMENT
Title Apocrypha, Pseudepigrapha and Armenian Studies.
Remainder of title Collected Papers /
Statement of responsibility, etc. M. Stone
260 ## - PUBLICATION, DISTRIBUTION, ETC.
Place of publication, distribution, etc. Leuven :
-- Paris :
-- Dudley :
Name of publisher, distributor, etc. Peeters publishers&Department of Oriental Studies,
Date of publication, distribution, etc. 2006.
300 ## - PHYSICAL DESCRIPTION
Extent Vol.;
Dimensions 25 cm
490 ## - SERIES STATEMENT
Series statement Orientalia Lovanensia analecta
Volume/sequential designation 144-145
504 ## - BIBLIOGRAPHY, ETC. NOTE
Bibliography, etc. note Vol. I - Acknowledgements p.: XI-XIV; Bibliogr. of articles included p.: XV-XIX Vol. II - Bibliogr. of the works of Michael E. Stone p.: 861-889; Index p.: 891-909; Index p.: 911-938
505 ## - FORMATTED CONTENTS NOTE
Formatted contents note Vol. I -
Miscellaneous information 2006.- XIX+464 p.
505 ## - FORMATTED CONTENTS NOTE
Formatted contents note Vol. II -
Miscellaneous information 2006.- VIII+938 p.
650 ## - SUBJECT ADDED ENTRY--TOPICAL TERM
Topical term or geographic name entry element Apocryphal books
653 ## - INDEX TERM--UNCONTROLLED
Uncontrolled term ՍԷՄ
830 ## - SERIES ADDED ENTRY--UNIFORM TITLE
Uniform title Orientalia Lovanensia analecta
Version 144-145
942 ## - ADDED ENTRY ELEMENTS (KOHA)
Source of classification or shelving scheme Dewey Decimal Classification
Koha item type Գրքեր/Books
Holdings
Withdrawn status Lost status Source of classification or shelving scheme Damaged status Not for loan Collection code Home library Current library Date acquired Cost, normal purchase price Serial Enumeration / chronology Inventory number Total Checkouts Full call number Date last seen Price effective from Koha item type Public note
    Dewey Decimal Classification     Գրապահոց Մայր Աթոռ Սուրբ Էջմիածին «Վաչե և Թամար Մանուկյան» Մատենադարան Մայր Աթոռ Սուրբ Էջմիածին «Վաչե և Թամար Մանուկյան» Մատենադարան 16/09/2021 8500.00 Vol. II E-6844   229/S-86 16/09/2021 16/09/2021 Գրքեր/Books Սպասարկվում է ընթերցասրահ
    Dewey Decimal Classification     Գրապահոց Մայր Աթոռ Սուրբ Էջմիածին «Վաչե և Թամար Մանուկյան» Մատենադարան Մայր Աթոռ Սուրբ Էջմիածին «Վաչե և Թամար Մանուկյան» Մատենադարան 16/09/2021 8500.00 Vol. I E-6843   229/S-86 16/09/2021 16/09/2021 Գրքեր/Books Սպասարկվում է ընթերցասրահ